000 00671nam a2200289Ia 4500
005 20260324141555.0
008 008 260324s9999 xx 000 0 eng d
020 _a9780429039638
037 _aEBOOK
040 _aCRL
040 _beng
040 _cCRL
041 _2eng
041 _aeng
084 _qCRL
100 _aDov Taylor
_91208694
245 0 _aJoseph Perl's Revealer Of Secrets
245 4 _bThe First Hebrew Novel
260 _bTaylor and Francis
260 _c1997
365 _a
365 _b230
856 _uhttp://www.taylorfrancis.com/books/9780429039638
942 _cEBOOK
999 _c1811938
_d1811938